000 00509nam a2200121Ia 4500
003 GCL
008 140319s9999 xx 000 0 ara d
040 _aGCL /
_cGCL
082 0 4 _aق
_b329.02
_bم ح
100 1 _aمركز البحوث العربية
245 1 0 _aحقيقة التعددية السياسية فى مصر : دراسات فى التحول الرأسمالى والمشاركة السياسية /
_cمركز البحوث العربية
490 _aالهيئة العامة للاستعلامات
_v0
999 _c48305
_d48305